banner-ar

السادات رئيسا : (Record no. 65336)

MARC details
000 -الفاتح
حقل البيانات ثابتة الطول 01034nam a22002537a 4500
005 - وقت وتاريخ اخر تعامل مع التسجيلة
رقم الضبط 20240530110819.0
008 - عناصر البيانات ثابتة الطول - معلومات عامة
حقل البيانات ثابتة الطول 190710s2009 ua o f 001 0 ara d
017 ## - رقم الايداع القانونى
رقم الايداع القانونى 2009/11669
المصدر ( الهيئة المختصة) مصر. دار الكتب
020 ## - الرقم الدولى المعيارى للكتب
الرقم الدولى المعيارى للكتاب 9789774521423
040 ## - مصدر الفهرسة
وكالة الفهرسة الأصلية EG-CaGPL
وكالة النسخ EG-CaGPL
082 04 - رقم تصنيف ديوى العشرى
رقم الطبعة 21
رقم التصنيف 962.07/
رقم المادة ق/خ أ
100 0# - المدخل الرئيسى - إسم شخصى
الإسم الشخصى خالد عزب
245 10 - بيان العنوان
العنوان السادات رئيسا :
بقية العنوان 1970 - 1981 /
بيان المسئوليه,etc اعداد خالد عزب، عمرو شلبى ؛ تقديم اسماعيل سراج الدين
260 ## - PUBLICATION, DISTRIBUTION, ETC. (IMPRINT)
تاريخ النشر أو التوزيع 2009.
300 ## - الوصف المادى
التعداد 322 ص. :
تفاصيل ماديه اخرى للوعاء صور ؛
أبعاد الوعاء 32 سم.
600 0# - المدخل الاضافى بالموضوع-اسم شخصى
الإسم الشخصى انور السادات
650 ## - المدخل الاضافى بالموضوع-مصطلح موضوعى
مصدر الرأس أو المصطلح qrmak
651 07 - المدخل الاضافى بالموضوع - اسم جغرافى
مصدر الرأس أو المصطلح qrmak
الاسم الجغرافي مصر
التقسيم الفرعي العام رؤساء الجمهوريات
651 07 - المدخل الاضافى بالموضوع - اسم جغرافى
مصدر الرأس أو المصطلح qrmak
الاسم الجغرافي مصر
التقسيم الفرعي العام تاريخ
التقسيم الفرعي الزمني العصر الحديث
التقسيم الفرعي العام انور السادات ( 1981م ) - ( 1981 م ).
700 0# - المدخل الاضافى - اسم شخصى
الإسم الشخصى عمرو شلبى
الدور معد
700 0# - المدخل الاضافى - اسم شخصى
الإسم الشخصى اسماعيل سراج الدين
الدور مقدم
942 ## - عناصر المدخل الإضافي( كوها)
مصدر التصنيف او مخطط الترفيف Dewey Decimal Classification
Koha [default] item type كتاب
260 ## - PUBLICATION, DISTRIBUTION, ETC. (IMPRINT)
-- الاسكندرية :
-- مكتبة الاسكندرية،
Holdings
حالة التراجع حالة الفقد حالة تلف ليس للاعارة المكان المؤقت الموقع الحالى موقع الترفيف تاريخ الاكتساب اجمالي اﻻعارات رقم الطلب الباركود تاريخ اخر مشاهدة تاريخ تفعيل السعر نوع وعاء كوها
        مكتبة القاهرة الكبرى مكتبة القاهرة الكبرى   07/10/2019   962.07/ ق/خ أ 166068 07/10/2019 07/10/2019 كتاب

Powered By

EGPV